Chemical Kids and Mechanical Brides - Pierce the Veil lyrics - Statistics

General Stats
  • This quiz has been taken 30 times
  • The average score is 146 of 203
Answer Stats
% Correct
bride
100%
chemical
100%
I
100%
kid
100%
me
100%
mechanical
100%
the
100%
you
100%
You
100%
your
100%
a
95%
A
95%
Don’t
95%
don’t
95%
I’m
95%
for
89%
If
89%
if
89%
need
89%
sun
89%
to
89%
To
89%
Told
89%
You’re
89%
every
84%
Everyone
84%
go
84%
is
84%
love
84%
no
84%
on
84%
so
84%
why
84%
cause
79%
gone
79%
it
79%
lie
79%
Like
79%
of
79%
Of
79%
rush
79%
see
79%
Smile
79%
this
79%
What
79%
All
74%
bother
74%
count
74%
light
74%
soon
74%
watching
74%
We
74%
and
68%
And
68%
diamond
68%
through
68%
Through
68%
But
63%
held
63%
in
63%
moments
63%
night
63%
oh
63%
sing
63%
Then
63%
way
63%
Him
58%
I’ve
58%
my
58%
red
58%
slow
58%
that
58%
there’s
58%
They
58%
they
58%
When
58%
account
53%
breath
53%
Ghost
53%
God
53%
hold
53%
leave
53%
letting
53%
or
53%
say
53%
Say
53%
shot
53%
stars
53%
still
53%
alone
47%
altar
47%
As
47%
ceiling
47%
fall
47%
glow
47%
hands
47%
leaving
47%
looking
47%
not
47%
Pastel
47%
p***star
47%
Raise
47%
thought
47%
white
47%
won’t
47%
you’ll
47%
asleep
42%
beg
42%
behind
42%
Can
42%
fast
42%
make
42%
out
42%
reminds
42%
tomorrow
42%
At
37%
been
37%
believe
37%
breathe
37%
found
37%
nightmares
37%
reason
37%
sings
37%
symphonies
37%
torture
37%
trees
37%
vein
37%
blue
32%
care
26%
I’ll
26%
tiring
26%
blow
21%
along
16%
No matching quizzes found
Score Distribution
Percent of People with Each Score
Percentile by Number Answered
Your Score History
You have not taken this quiz